Statistics for Pairs of Opposing Countries

Click here to take the quiz!

General Stats

  • This quiz has been taken 43 times
    (23 since last reset)
  • The average score is 21 of 28

Answer Stats

Country 1Country 2% Correct
ArmeniaAzerbaijan
94%
United StatesUnited Kingdom
94%
North KoreaUnited States
94%
RussiaUnited States
94%
TurkeyGreece
88%
United KingdomIreland
88%
IndiaPakistan
88%
ChinaTaiwan
88%
RussiaUkraine
88%
JapanChina
82%
United KingdomFrance
82%
North KoreaSouth Korea
82%
ArmeniaTurkey
82%
RussiaGermany
76%
IranSaudi Arabia
76%
DenmarkSweden
76%
SerbiaAlbania
71%
SerbiaCroatia
71%
IraqIran
71%
IranIsrael
71%
TurkeySpain
71%
ChinaVietnam
71%
SerbiaBosnia
65%
El salvadorHonduras
65%
IraqKuwait
65%
RussiaFinland
47%
United KingdomArgentina
35%
ChinaPhilippines
35%

Score Distribution

Percentile by Number Answered

Percent of People with Each Score

Your Score History

You have not taken this quiz since the last reset